Catalog

Record Details

Catalog Search



Available copies

  • 1 of 1 copy available at LARL/NWRL Consortium.

Current holds

0 current holds with 1 total copy.

Show Only Available Copies
Location Call Number / Copy Notes Barcode Shelving Location Status Due Date
Crookston Public Library C TYN (Text) 33500012223418 Main Available -

Record details

  • ISBN: 9780990872313 (pbk.)
  • ISBN: 0990872319 (pbk.)
  • Physical Description: 260 pages ; 22 cm
  • Publisher: San Jose, CA : Ransom Press, c2014.

Content descriptions

Summary, etc.:
"Every ten years Perdita has one month to break ... Read More
Subject: Mermaids > Fiction.
Mermaids
Genre: Fiction.
LDR 01491cam a2200337Ii 4500
001199796
003LARL_NWRL_CONSORTIUM
00520160129151514.0
008141205s2014 cau 000 0 eng d
019 . ‡a898168133 ‡a907043136
020 . ‡a9780990872313 (pbk.)
020 . ‡a0990872319 (pbk.)
035 . ‡a(OCoLC)897514180 ‡z(OCoLC)898168133 ‡z(OCoLC)907043136
0820 . ‡a813/.6 ‡223
1001 . ‡aTyndall, M. L. ‡0(LARL_NWRL_CONSORTIUM)196594
24510. ‡aTears of the sea / ‡cMaryLu Tyndall.
264 1. ‡aSan Jose, CA : ‡bRansom Press, ‡cc2014.
300 . ‡a260 pages ; ‡c22 cm
336 . ‡atext ‡btxt ‡2rdacontent
337 . ‡aunmediated ‡bn ‡2rdamedia
338 . ‡avolume ‡bnc ‡2rdacarrier
520 . ‡a"Every ten years Perdita has one month to break the curse that has doomed her to be a mermaid for all eternity. She becomes human again but must get a man to fall so in love with her he is willing to die. After 300 years of failure and rejection, she has given up until she meets Savion. Now she must decide between saving him and staying cursed or freeing herself and watching the man she loves die."--Publisher's website.
650 0. ‡aMermaids ‡vFiction. ‡0(LARL_NWRL_CONSORTIUM)166087
650 7. ‡2fast ‡aMermaids ‡0(LARL_NWRL_CONSORTIUM)25561
655 7. ‡aFiction. ‡2fast
905 . ‡uvanderl
901 . ‡a199796 ‡b ‡c199796 ‡tbiblio ‡soclc

Additional Resources